000
00267nam a22001217a 4500
999
_c
535385
_d
535385
040
_c
MSOHAIL
082
_a
891.4393
_b
AHM
100
_a
Nimra Ahmad
_9
9255
245
_a
Iblees
260
_a
Lahore
_b
Ilm o Irfan Publisher
_c
2013
300
_a
159;px
942
_2
ddc
_c
BK